[Event "Clichy2"]
[Site "Clichy"]
[Date "2001.06.25"]
[EventDate "2001.??.??"]
[Round "7"]
[Result "1/2-1/2"]
[White "Maxime Vachier-Lagrave"]
[Black "Nikola Spiridonov"]
[WhiteElo "2637"]
[BlackElo "2394"]
[PlyCount "77"]

1. e4 c5 2. Nf3 Nc6 3. Bb5 e6 4. O-O Nge7 5. c3 d5 6. exd5
Qxd5 7. Re1 Bd7 8. Na3 Ng6 9. Bc4 Qh5 10. d4 cxd4 11. cxd4
Bxa3 12. bxa3 O-O 13. d5 exd5 14. Qxd5 Qxd5 15. Bxd5 Rfe8
16. Be3 Nge7 17. Bb3 Na5 18. Bd4 Bc6 19. Ne5 Nxb3 20. axb3 Bd5
21. b4 a6 22. Bc5 Be6 23. Nd7 Nd5 24. Nb6 Nxb6 25. Bxb6 Rac8
26. Rac1 h5 27. f3 Kh7 28. Kf2 Kg6 29. a4 Bd7 30. a5 Rxe1
31. Rxe1 Be6 32. Bc5 Rd8 33. Ke3 Kf5 34. Bd4 g5 35. Rc1 Kg6
36. Rc7 Bd5 37. Re7 Bc6 38. g3 Rc8 39. f4 1/2-1/2

[Event "Clichy2"]
[Site "Clichy"]
[Date "2001.06.25"]
[EventDate "2001.??.??"]
[Round "8"]
[Result "1-0"]
[White "Herve Guilbert"]
[Black "Maxime Vachier-Lagrave"]
[WhiteElo "2140"]
[BlackElo "2637"]
[PlyCount "109"]

1. e4 c5 2. c3 g6 3. d4 cxd4 4. cxd4 d5 5. e5 Bg7 6. Nc3 Nc6
7. h3 Nh6 8. Nf3 O-O 9. Be2 f6 10. exf6 exf6 11. O-O Be6
12. Re1 Qd7 13. Bf4 Nf7 14. a4 Nd6 15. Bf1 Rfe8 16. Nb5 Nxb5
17. axb5 Ne7 18. Qb3 b6 19. Ra6 g5 20. Bh2 g4 21. hxg4 Bxg4
22. Raa1 Bh6 23. Rad1 Nf5 24. Be2 Ng7 25. Kf1 Kh8 26. Ng1 Bf5
27. Bf3 Be4 28. Bxe4 dxe4 29. Qh3 Qxb5+ 30. Ne2 Bg5 31. d5
Rad8 32. d6 f5 33. Kg1 e3 34. f3 Rd7 35. Nf4 Qxb2 36. Nh5 e2
37. Rb1 Qd4+ 38. Kh1 Bd2 39. Nxg7 Rxg7 40. Qh5 Rg6 41. Qxf5
Bxe1 42. d7 Rgg8 43. dxe8=Q Rxe8 44. Rxe1 Qc3 45. Bg3 Qd4
46. Qf7 Qd8 47. Bf2 Re5 48. Qf4 Re6 49. Bd4+ Kg8 50. Bc3 b5
51. Qg3+ Rg6 52. Qe5 Rh6+ 53. Kg1 Qb6+ 54. Bd4 Qg6 55. Qb8+
1-0

[Event "Clichy XII Master"]
[Site "Clichy"]
[Date "2001.07.06"]
[EventDate "?"]
[Round "2"]
[Result "1-0"]
[White "Maxime Vachier-Lagrave"]
[Black "Jacques Elbilia"]
[WhiteElo "2277"]
[BlackElo "2326"]
[PlyCount "77"]

1. e4 e6 2. d3 b5 3. Nf3 Bb7 4. g3 c5 5. Bg2 Nf6 6. O-O d6
7. Re1 Nc6 8. b3 Be7 9. Bb2 O-O 10. Nbd2 Nd7 11. c3 b4 12. d4
bxc3 13. Bxc3 cxd4 14. Nxd4 Nc5 15. Nxc6 Bxc6 16. Qg4 g6
17. Nc4 Rc8 18. Rad1 Qc7 19. Qf4 e5 20. Qd2 Nb7 21. Bb4 Rcd8
22. h4 Kg7 23. f4 f6 24. Kh2 h5 25. Rc1 Qd7 26. Bh3 Qe8
27. Be6 f5 28. Bd5 exf4 29. Qxf4 fxe4 30. Qxe4 Bxd5 31. Qxd5
Qd7 32. Ne5 dxe5 33. Qxe5+ Kg8 34. Qxe7 Rf2+ 35. Kg1 Rxa2
36. Bc3 Qxe7 37. Rxe7 Rd3 38. Be5 Nc5 39. Rf1 1-0

[Event "WYB12"]
[Site "Oropesa del Mar ESP"]
[Date "2001.10.23"]
[EventDate "2001.10.06"]
[Round "3"]
[Result "1/2-1/2"]
[White "Maxime Vachier-Lagrave"]
[Black "Marlon Lopez Velez"]
[WhiteElo "2271"]
[BlackElo "2082"]
[PlyCount "65"]

1. e4 Nf6 2. e5 Nd5 3. d4 d6 4. Bc4 Nb6 5. Bb3 dxe5 6. Qf3 e6
7. dxe5 Nc6 8. Qg3 Nd4 9. Nf3 Nf5 10. Qh3 Bd7 11. Bg5 Be7
12. Bxe7 Qxe7 13. Nbd2 Bc6 14. c3 Ba4 15. Qg4 Bxb3 16. axb3 a6
17. O-O O-O 18. Ne4 Kh8 19. Rad1 Rad8 20. Qh5 Rxd1 21. Rxd1
Nd5 22. g3 Kg8 23. Nfg5 h6 24. Nf3 Rd8 25. Re1 Qf8 26. Nfd2 b5
27. b4 Qe7 28. Qe2 Qd7 29. Nc5 Nxc3 30. bxc3 Qxd2 31. Qxd2
Rxd2 32. Nxa6 g6 33. Rc1 1/2-1/2

[Event "WYB12"]
[Site "Oropesa del Mar ESP"]
[Date "2001.10.24"]
[EventDate "2001.10.06"]
[Round "4"]
[Result "1-0"]
[White "Maxime Vachier-Lagrave"]
[Black "Rok Hrzica"]
[WhiteElo "2271"]
[BlackElo "2027"]
[PlyCount "73"]

1. e4 e6 2. d3 d5 3. Nd2 Bc5 4. Ngf3 Nc6 5. c3 dxe4 6. Nxe4
Be7 7. d4 Nf6 8. Bd3 Bd7 9. O-O O-O 10. Qc2 h6 11. Re1 Nxe4
12. Bxe4 Bd6 13. Bd2 f5 14. Bd3 Qf6 15. Rad1 g5 16. Bc1 g4
17. Nd2 Qh4 18. g3 Qf6 19. Nc4 h5 20. Nxd6 cxd6 21. Bf4 d5
22. Qd2 Rfc8 23. Be5 Nxe5 24. Rxe5 Kg7 25. Rde1 a6 26. Bxf5
exf5 27. Re7+ Kg6 28. Rxd7 Re8 29. Rxd5 h4 30. Rde5 h3
31. Rxe8 Rxe8 32. Rxe8 Qc6 33. Rg8+ Kf7 34. d5 Qa4 35. Rg5 Qe4
36. Rxf5+ Qxf5 37. Qf4 1-0

[Event "WYB12"]
[Site "Oropesa del Mar ESP"]
[Date "2001.10.26"]
[EventDate "2001.10.06"]
[Round "6"]
[Result "1/2-1/2"]
[White "Maxime Vachier-Lagrave"]
[Black "Li Haoyu"]
[WhiteElo "2271"]
[BlackElo "2310"]
[PlyCount "93"]

1. e4 g6 2. d4 Bg7 3. Nf3 d6 4. Nc3 Nf6 5. g3 O-O 6. Bg2 c5
7. h3 cxd4 8. Nxd4 Nc6 9. Nde2 Be6 10. O-O Qa5 11. Bd2 Qb6
12. b3 Rfd8 13. Nf4 Rac8 14. Rb1 Qa6 15. a4 Nb4 16. Nb5 Nc6
17. Re1 d5 18. exd5 Bxd5 19. Nxd5 Nxd5 20. Qe2 e6 21. Bg5 Rf8
22. Qd2 Qb6 23. c4 Nf6 24. Qe3 Qa5 25. Nd6 Rc7 26. Nxb7 Rxb7
27. Bxc6 Rc7 28. Bb5 Qb4 29. Qd2 Qc5 30. Bf4 Nh5 31. Bxc7 Qxc7
32. Rbd1 Qc5 33. Qe3 Qb4 34. Qxa7 Qxb3 35. Qe3 Qb4 36. Rb1 Qa5
37. Red1 Nf6 38. Qd2 Qa7 39. Qe3 Qa5 40. Rd6 h5 41. Qe1 Qa7
42. Ra6 Qd4 43. Qe3 Qd8 44. Qb3 Qd4 45. Rd1 Qc5 46. Kg2 Kh7
47. Qc2 1/2-1/2

[Event "WYB12"]
[Site "Oropesa del Mar ESP"]
[Date "2001.10.30"]
[EventDate "2001.10.06"]
[Round "9"]
[Result "1/2-1/2"]
[White "Ildar Khairullin"]
[Black "Maxime Vachier-Lagrave"]
[WhiteElo "2244"]
[BlackElo "2271"]
[PlyCount "45"]

1. e4 c5 2. c3 Nf6 3. e5 Nd5 4. d4 cxd4 5. Nf3 Nc6 6. cxd4 d6
7. exd6 e6 8. Nc3 Bxd6 9. Bd3 O-O 10. O-O Bd7 11. Re1 Rc8
12. Ne4 Be7 13. a3 Qc7 14. Bg5 Bxg5 15. Nexg5 h6 16. Ne4 Rfd8
17. Rc1 Qb8 18. Bb1 b6 19. Ng3 Nf6 20. Qd3 Qf4 21. Ne2 Qd6
22. Ng3 Qf4 23. Ne2 1/2-1/2

[Event "13th Masters"]
[Site "Clichy FRA"]
[Date "2001.12.16"]
[EventDate "2001.12.15"]
[Round "2"]
[Result "1/2-1/2"]
[White "Tristan Calistri"]
[Black "Maxime Vachier-Lagrave"]
[WhiteElo "2324"]
[BlackElo "2271"]
[PlyCount "64"]

1. e4 c5 2. Nf3 d6 3. d4 cxd4 4. Nxd4 Nf6 5. Nc3 g6 6. f3 Bg7
7. Be3 Nc6 8. Qd2 O-O 9. O-O-O d5 10. exd5 Nxd5 11. Nxc6 bxc6
12. Bd4 Nxc3 13. Qxc3 Bh6+ 14. Be3 Bxe3+ 15. Qxe3 Qb6 16. Qxe7
Be6 17. Bd3 Rab8 18. Qf6 Bxa2 19. h4 Bd5 20. h5 Qd8 21. Qc3
Qg5+ 22. Kb1 Rfe8 23. f4 Qxf4 24. hxg6 fxg6 25. Bxg6 hxg6
26. Rh8+ Kf7 27. Rh7+ Ke6 28. Qg7 Qe4 29. Qd7+ Kf6 30. Qg7+
Ke6 31. Qd7+ Kf6 32. Qg7+ Ke6 1/2-1/2

[Event "Arthur Andersen Trophy sim 12th"]
[Site "Neuilly"]
[Date "2002.??.??"]
[EventDate "2002.??.??"]
[Round "?"]
[Result "1-0"]
[White "Boris Gelfand"]
[Black "Maxime Vachier-Lagrave"]
[WhiteElo "2737"]
[BlackElo "2637"]
[PlyCount "103"]

1. e4 c5 2. Nf3 d6 3. d4 cxd4 4. Nxd4 Nf6 5. Nc3 g6 6. Be3 Bg7
7. f3 O-O 8. Qd2 Nc6 9. O-O-O Nxd4 10. Bxd4 Be6 11. Kb1 Qc7
12. Nd5 Bxd5 13. exd5 Rfc8 14. Rc1 e6 15. dxe6 fxe6 16. c4 d5
17. Qe3 Qd7 18. Bd3 dxc4 19. Bxc4 Nd5 20. Qe4 Qf7 21. Rhd1 Rd8
22. Bxg7 Kxg7 23. Rd4 Rac8 24. Re1 b5 25. Bb3 Nf6 26. Qe5 Rxd4
27. Qxd4 Qc7 28. a3 Rd8 29. Qe3 Qxh2 30. Qxa7+ Rd7 31. Qf2 e5
32. Qe2 Re7 33. Qxb5 Qxg2 34. Rxe5 Rxe5 35. Qxe5 Qxf3 36. Qe7+
Kh6 37. Ka2 Ne4 38. a4 Qe2 39. Qe5 Qd3 40. a5 Nd2 41. Qd5 Qb1+
42. Ka3 Qe1 43. Ba2 Qe3+ 44. Ka4 Qe8+ 45. Kb4 Qe7+ 46. Ka4
Qe8+ 47. Qb5 Qe4+ 48. Qb4 Qe8+ 49. Ka3 Qe3+ 50. Qc3 Qe7+
51. b4 Ne4 52. Qe3+ 1-0

[Event "FRA-ch Accession"]
[Site "Val d'Isere"]
[Date "2002.??.??"]
[EventDate "2002.??.??"]
[Round "3"]
[Result "1-0"]
[White "Maxime Vachier-Lagrave"]
[Black "Roger Ferry"]
[WhiteElo "2637"]
[BlackElo "2151"]
[PlyCount "59"]

1. e4 e6 2. d4 d5 3. Nd2 dxe4 4. Nxe4 Nd7 5. Nf3 Ngf6 6. Nxf6+
Nxf6 7. Bd3 b6 8. Qe2 Bb7 9. Bg5 Be7 10. O-O-O O-O 11. Kb1 c5
12. dxc5 Qc7 13. Ne5 bxc5 14. Bxf6 Bxf6 15. Nd7 Rfd8 16. Nxf6+
gxf6 17. Qg4+ Kf8 18. Qh4 Ke7 19. Be4 Rxd1+ 20. Rxd1 Rd8
21. Rxd8 Qxd8 22. Bd3 Ba6 23. Qe4 c4 24. Be2 Qd2 25. a3 Qe1+
26. Ka2 c3 27. Qb4+ Ke8 28. Bxa6 Qxf2 29. Bb5+ Kd8 30. Qd6+
1-0

[Event "FRA-ch Accession"]
[Site "Val d'Isere"]
[Date "2002.??.??"]
[EventDate "2002.??.??"]
[Round "8"]
[Result "1-0"]
[White "Cyril Marzolo"]
[Black "Maxime Vachier-Lagrave"]
[WhiteElo "2491"]
[BlackElo "2637"]
[PlyCount "59"]

1. c4 c5 2. Nc3 Nc6 3. Nf3 g6 4. g3 Bg7 5. Bg2 Nf6 6. O-O O-O
7. d4 cxd4 8. Nxd4 Ng4 9. e3 d6 10. h3 Nge5 11. b3 Nxd4
12. exd4 Nc6 13. Be3 Re8 14. Rc1 e5 15. dxe5 Bxe5 16. Qd2 Be6
17. Nd5 Qd7 18. Kh2 Ne7 19. Nxe7+ Qxe7 20. Rcd1 Rad8 21. Rfe1
Qc7 22. Bg5 Rd7 23. Qc1 Rc8 24. Re2 Qa5 25. Bf4 Rcc7 26. Qe3
Bxf4 27. Qxf4 b5 28. Bd5 bxc4 29. Qf6 Re7 30. bxc4 1-0

[Event "FRA-ch Accession"]
[Site "Val d'Isere"]
[Date "2002.??.??"]
[EventDate "2002.??.??"]
[Round "10"]
[Result "1-0"]
[White "Christophe Claverie"]
[Black "Maxime Vachier-Lagrave"]
[WhiteElo "2358"]
[BlackElo "2637"]
[PlyCount "101"]

1. d4 Nf6 2. Bg5 d5 3. Bxf6 exf6 4. e3 f5 5. c4 c6 6. cxd5
cxd5 7. Nc3 Be6 8. Bd3 Nc6 9. Qf3 g6 10. Nge2 Bd6 11. Nf4 Ne7
12. Bb5+ Kf8 13. O-O Kg7 14. Rfc1 Rc8 15. a3 Qc7 16. g3 Bxf4
17. Qxf4 Qxf4 18. gxf4 Rc7 19. Kf1 Rhc8 20. Ke1 Ng8 21. Kd2
Nf6 22. f3 Kf8 23. Bd3 Ke7 24. a4 Bd7 25. a5 a6 26. Ra3 Bc6
27. Na2 Kd6 28. Rb3 Ba4 29. Rb6+ Bc6 30. Rc3 Nd7 31. Rb4 Nf6
32. Nc1 Nd7 33. h4 h5 34. Nb3 f6 35. Rc1 Ke6 36. Rg1 Kf7
37. Nc5 Rd8 38. Rc1 Rdc8 39. Nxd7 Bxd7 40. Rxc7 Rxc7 41. Rb6
Bc6 42. Rb3 Re7 43. Rc3 Rc7 44. b4 Ke7 45. b5 axb5 46. Bxb5
Kd6 47. Bxc6 Rxc6 48. Rb3 Rc7 49. Rb6+ Ke7 50. Kd3 Kf7 51. Rd6
1-0

[Event "FRA-chT U20 0203"]
[Site "Clichy"]
[Date "2002.??.??"]
[EventDate "2002.??.??"]
[Round "1"]
[Result "0-1"]
[White "Fabien Forgues"]
[Black "Maxime Vachier-Lagrave"]
[WhiteElo "2146"]
[BlackElo "2637"]
[PlyCount "136"]

1. e4 c5 2. c3 g6 3. d4 cxd4 4. cxd4 d5 5. exd5 Nf6 6. Nc3
Nxd5 7. Nf3 Bg7 8. Be2 O-O 9. O-O Nc6 10. Re1 Bf5 11. a3 Rc8
12. Be3 Na5 13. Rc1 Nb6 14. b4 Nac4 15. Qb3 Nxe3 16. fxe3 e5
17. Nxe5 Bxe5 18. dxe5 Qg5 19. Bf3 Be6 20. Qd1 Rfd8 21. Qe2
Qxe5 22. Ne4 Nc4 23. Red1 Rxd1+ 24. Rxd1 b6 25. Rc1 Nxa3
26. Rxc8+ Bxc8 27. Qd3 Bf5 28. Qxa3 Bxe4 29. Qxa7 Bxf3
30. gxf3 Qxe3+ 31. Kg2 Qd2+ 32. Kg3 Qxb4 33. Qb8+ Kg7 34. Qe5+
f6 35. Qc7+ Kh6 36. Qc1+ g5 37. Qc6 Qf4+ 38. Kg2 g4 39. fxg4
Qxg4+ 40. Kh1 Qd1+ 41. Kg2 Qe2+ 42. Kg3 Qe3+ 43. Kg2 Kg6
44. Qc2+ f5 45. Qc6+ Kg5 46. Qd6 Qe2+ 47. Kg1 Qg4+ 48. Kh1
Qe4+ 49. Kg1 Qb1+ 50. Kg2 Qc2+ 51. Kg3 Qc3+ 52. Kg2 Qf6
53. Qc7 Kg6 54. Qd7 Qg5+ 55. Kh1 Qc1+ 56. Kg2 Qc2+ 57. Kg3
Qc3+ 58. Kg2 Qg7 59. Qd6+ Kh5+ 60. Kh1 Qa1+ 61. Kg2 Qb2+
62. Kg3 Qc3+ 63. Kg2 b5 64. Qd7 Kg4 65. Qxb5 Qd2+ 66. Kg1 f4
67. Qb7 Qe3+ 68. Kg2 f3+ 0-1

[Event "FRA-chT U20 0203"]
[Site "Clichy"]
[Date "2002.??.??"]
[EventDate "2002.??.??"]
[Round "3"]
[Result "1-0"]
[White "Maxime Vachier-Lagrave"]
[Black "Tristan Landre"]
[WhiteElo "2637"]
[BlackElo "2115"]
[PlyCount "39"]

1. e4 g6 2. d4 Bg7 3. g3 d6 4. Bg2 e5 5. Ne2 Ne7 6. O-O O-O
7. Be3 c6 8. a4 f5 9. dxe5 dxe5 10. Bc5 Nd7 11. Ba3 Qe8
12. exf5 gxf5 13. Nbc3 Nb6 14. a5 Nc4 15. a6 Be6 16. axb7 Rd8
17. Qc1 f4 18. gxf4 exf4 19. Nxf4 Bh6 20. Qe1 1-0

[Event "FRA-chT U20 0203"]
[Site "Clichy"]
[Date "2002.??.??"]
[EventDate "2002.??.??"]
[Round "9"]
[Result "1-0"]
[White "Maxime Vachier-Lagrave"]
[Black "Cyril Soyez"]
[WhiteElo "2637"]
[BlackElo "2247"]
[PlyCount "127"]

1. e4 c5 2. Nf3 d6 3. d4 Nf6 4. dxc5 Nxe4 5. cxd6 Nxd6 6. b3
Nc6 7. Bb2 Bf5 8. Bd3 f6 9. O-O e5 10. Nc3 Be7 11. Bxf5 Nxf5
12. Qe2 Qa5 13. Rad1 Nfd4 14. Nxd4 Nxd4 15. Qe4 O-O-O 16. Na4
f5 17. Qe1 Qxe1 18. Rfxe1 Bf6 19. Bxd4 Rxd4 20. Rxd4 exd4
21. Nc5 b6 22. Nd3 Kd7 23. Kf1 Rc8 24. Re2 Kd6 25. Ke1 g6
26. g3 Bg7 27. Kd1 Rf8 28. f4 h6 29. h4 Bf6 30. Ne5 g5 31. h5
Kd5 32. Nd7 Rf7 33. Nxf6+ Rxf6 34. Re5+ Kd6 35. Kd2 Rf8
36. Kd3 Rc8 37. Rxf5 Rc3+ 38. Kxd4 Rxg3 39. Rf6+ Kc7 40. fxg5
hxg5 41. Rf7+ Kd6 42. Rxa7 Rh3 43. Rh7 Rh2 44. Rh6+ Kc7
45. Kc3 g4 46. Rg6 Rh3+ 47. Kb4 g3 48. h6 Rh4+ 49. c4 g2
50. Rxg2 Rxh6 51. Rg5 Rf6 52. Kb5 Rf8 53. Rg7+ Kd6 54. Kxb6
Ra8 55. a4 Rb8+ 56. Rb7 Rh8 57. c5+ Kd5 58. Rd7+ Ke6 59. c6
Rh3 60. b4 Rh4 61. b5 Rxa4 62. Rd1 Rc4 63. c7 Rc5 64. Kxc5 1-0

[Event "FRA-chT U20 0203"]
[Site "Clichy"]
[Date "2002.??.??"]
[EventDate "2002.??.??"]
[Round "10"]
[Result "1-0"]
[White "Maxime Vachier-Lagrave"]
[Black "Marvin Lepan"]
[WhiteElo "2637"]
[BlackElo "2205"]
[PlyCount "73"]

1. e4 c5 2. Nf3 d6 3. d4 cxd4 4. Nxd4 Nf6 5. Nc3 a6 6. g3 b5
7. Bg2 Bb7 8. O-O e6 9. Re1 Qc7 10. a3 Be7 11. g4 Nc6 12. g5
Nd7 13. Nf5 O-O 14. Nd5 exd5 15. exd5 Nce5 16. Nxe7+ Kh8
17. Be3 Nb6 18. Nf5 Nbc4 19. Bd4 f6 20. b3 fxg5 21. bxc4 Rxf5
22. c5 Rd8 23. c6 Bc8 24. a4 bxa4 25. Rxa4 Ng6 26. Qb1 Rdf8
27. Qb6 Qf7 28. Qa7 Qxa7 29. Bxa7 Nf4 30. c4 Nd3 31. Re2 R5f7
32. Be3 g4 33. Rd2 Bf5 34. Rxa6 Nb4 35. Rb6 Nc2 36. c5 Ra7
37. Rd1 1-0

[Event "FRA-chT1"]
[Site "France"]
[Date "2002.??.??"]
[EventDate "2002.??.??"]
[Round "3"]
[Result "0-1"]
[White "Maxime Vachier-Lagrave"]
[Black "Nicolas Giffard"]
[WhiteElo "2637"]
[BlackElo "2393"]
[PlyCount "156"]

1. e4 c5 2. Nf3 a6 3. c4 Nc6 4. d4 cxd4 5. Nxd4 e5 6. Nc2 Bc5
7. Bd3 d6 8. Nc3 Nf6 9. O-O Be6 10. b3 h6 11. Bb2 O-O 12. Qe2
Nh7 13. Nd5 Qh4 14. Qf3 Ng5 15. Qg3 Qxg3 16. hxg3 Bxd5
17. exd5 Ne7 18. Kh2 f6 19. f4 Nf7 20. Rfe1 Rfe8 21. a4 a5
22. Ba3 b6 23. Bxc5 bxc5 24. Na3 Red8 25. Nb5 Rd7 26. Rf1 g6
27. Rae1 Kg7 28. Bc2 h5 29. Kg1 Rh8 30. Bd1 f5 31. Rf2 e4
32. Re3 Ng8 33. Ra2 Nf6 34. Re1 Ne8 35. Re3 Nc7 36. Rd2 Na6
37. Be2 Nb4 38. Bf1 Nh6 39. Re1 Ng4 40. Rb2 Kf7 41. Be2 Nf6
42. Kf2 Ng4+ 43. Kg1 Ke7 44. Rd2 Rb7 45. Nc3 Kd7 46. Rb2 Rbb8
47. Nb5 Rbg8 48. Rf1 Rh7 49. Nc3 Nf6 50. Nd1 Ng4 51. Nc3 Rb8
52. Nb5 Ne3 53. Re1 h4 54. g4 Nxg4 55. Nc3 Nf6 56. Nd1 Nh5
57. Bxh5 Rxh5 58. Nf2 g5 59. fxg5 Rxg5 60. Re3 Rg3 61. Rbe2
Rbg8 62. Nd1 Nd3 63. Kf1 h3 64. Rxg3 Rxg3 65. gxh3 Rxh3
66. Kg1 Ne5 67. Re3 Nf3+ 68. Kg2 Rh4 69. Nc3 Rg4+ 70. Kf2 Rg6
71. Ne2 Ke7 72. Nf4 Rh6 73. Ne6 Kf6 74. Nd8 Rh8 75. Nc6 Kg5
76. Nxa5 Kf4 77. Re2 e3+ 78. Kf1 Rh1+ 0-1

[Event "FRA-chT1"]
[Site "France"]
[Date "2002.??.??"]
[EventDate "2002.??.??"]
[Round "11"]
[Result "1/2-1/2"]
[White "Benjamin Bujisho"]
[Black "Maxime Vachier-Lagrave"]
[WhiteElo "2402"]
[BlackElo "2637"]
[PlyCount "85"]

1. e4 c5 2. Nf3 d6 3. c3 Nf6 4. h3 Nbd7 5. Bd3 g6 6. O-O Bg7
7. Bc2 b6 8. d4 Bb7 9. Re1 e5 10. dxe5 dxe5 11. a4 O-O 12. Na3
Qe7 13. Bg5 Rad8 14. Qe2 h6 15. Bh4 g5 16. Bg3 Nh5 17. Nd2 Nf4
18. Qf1 Nf6 19. Ndc4 Bc6 20. f3 Qc7 21. Ne3 Rfe8 22. b3 Bf8
23. Rad1 Bb7 24. Nb5 Qb8 25. c4 N6h5 26. Bh2 Ne6 27. Nf5 Nd4
28. Nbxd4 cxd4 29. g4 Nf4 30. Bxf4 gxf4 31. Bd3 Re6 32. h4 Rg6
33. Re2 Kh7 34. Rg2 Bc5 35. Qe2 a5 36. Kf2 Qc7 37. h5 Rg5
38. Nh4 Rdg8 39. Rh2 Bc8 40. Rg1 Be6 41. Rhh1 Qd7 42. Ke1 Bb4+
43. Kf2 1/2-1/2

[Event "Paris Apsap op 50th"]
[Site "Paris"]
[Date "2002.02.21"]
[EventDate "2002.??.??"]
[Round "5"]
[Result "0-1"]
[White "Helder Frade-Marques"]
[Black "Maxime Vachier-Lagrave"]
[WhiteElo "2317"]
[BlackElo "2637"]
[PlyCount "84"]

1. Nf3 c5 2. c4 Nc6 3. d4 cxd4 4. Nxd4 g6 5. e4 Bg7 6. Be3 Nf6
7. Nc3 d6 8. Be2 O-O 9. O-O Bd7 10. Qd2 Nxd4 11. Bxd4 Bc6
12. f3 a5 13. Rac1 Nd7 14. Be3 Nc5 15. Rc2 f5 16. exf5 Rxf5
17. b3 Qf8 18. Rb1 Be5 19. a3 Qg7 20. Nd5 e6 21. Nf4 a4
22. bxa4 Bxa4 23. Rcc1 Nb3 24. Nxe6 Qe7 25. Rxb3 Bxb3 26. g4
Bxh2+ 27. Kxh2 Re5 28. Rc3 Qxe6 29. Bf1 Rxa3 30. Bg2 Ra2
31. Qd4 Bxc4 32. Kg3 b5 33. Qb6 d5 34. Qd8+ Qe8 35. Qb6 b4
36. Rxc4 dxc4 37. Bf1 Rxe3 38. Bxc4+ Kg7 39. Bxa2 Qe5+ 40. Kf2
Re2+ 41. Kf1 Rxa2 42. Qb7+ Kh6 0-1

[Event "Paris Apsap op 50th"]
[Site "Paris"]
[Date "2002.02.21"]
[EventDate "2002.??.??"]
[Round "7"]
[Result "1-0"]
[White "Brice Le Roy"]
[Black "Maxime Vachier-Lagrave"]
[WhiteElo "2324"]
[BlackElo "2637"]
[PlyCount "71"]

1. e4 c5 2. Nf3 d6 3. d4 cxd4 4. Nxd4 Nf6 5. Nc3 g6 6. Be2 Bg7
7. Be3 O-O 8. O-O Nc6 9. h3 Bd7 10. Qd2 Nxd4 11. Bxd4 Bc6
12. Bf3 Qc7 13. Rad1 Rac8 14. Rfe1 Rfd8 15. Nd5 Bxd5 16. exd5
Re8 17. Rc1 Nd7 18. Bxg7 Kxg7 19. c4 a5 20. Bg4 f5 21. Bd1 Nc5
22. Qd4+ Kg8 23. h4 Qb6 24. h5 Nd7 25. Qh4 Qxb2 26. Ba4 Ne5
27. Bxe8 Rxe8 28. Rb1 Qd2 29. hxg6 hxg6 30. Re3 Qxa2 31. Rbe1
Qd2 32. Qh6 f4 33. Rxe5 dxe5 34. Qxg6+ Kf8 35. Rxe5 e6
36. Qf6+ 1-0

[Event "Paris Apsap op 50th"]
[Site "Paris"]
[Date "2002.02.21"]
[EventDate "2002.??.??"]
[Round "8"]
[Result "1-0"]
[White "Maxime Vachier-Lagrave"]
[Black "Guillaume Camus de Solliers"]
[WhiteElo "2637"]
[BlackElo "2316"]
[PlyCount "77"]

1. e4 e6 2. d4 d5 3. Nd2 c5 4. exd5 exd5 5. Bb5+ Bd7 6. Qe2+
Be7 7. dxc5 Nf6 8. Nb3 O-O 9. Be3 Re8 10. O-O-O a5 11. a4 Na6
12. Bxd7 Qxd7 13. Qb5 Qxb5 14. axb5 Nc7 15. c6 bxc6 16. bxc6
Ne6 17. Nd4 a4 18. Nge2 a3 19. b3 Ng4 20. Nc3 Nxe3 21. fxe3
Bg5 22. Nxd5 Red8 23. Nxe6 fxe6 24. h4 Rxd5 25. hxg5 Rxg5
26. c7 Rd5 27. c4 a2 28. Kb2 Rxd1 29. Rxd1 Kf7 30. c5 Ke7
31. Ka1 Rc8 32. Kxa2 Rxc7 33. b4 Kf6 34. Kb3 Kf5 35. Kc4 Ke4
36. b5 Kxe3 37. b6 Rf7 38. Rd3+ Ke4 39. c6 1-0

[Event "Clichy 14th"]
[Site "Clichy"]
[Date "2002.03.09"]
[EventDate "2002.??.??"]
[Round "2"]
[Result "1-0"]
[White "Eric Bremond"]
[Black "Maxime Vachier-Lagrave"]
[WhiteElo "2228"]
[BlackElo "2637"]
[PlyCount "121"]

1. e4 c5 2. Nf3 Nc6 3. d4 cxd4 4. Nxd4 g6 5. c4 Bg7 6. Be3 Nf6
7. Nc3 d6 8. Be2 O-O 9. O-O Bd7 10. f4 Nxd4 11. Bxd4 Bc6
12. Bf3 a5 13. Kh1 Nd7 14. Bxg7 Kxg7 15. Qe2 Qc7 16. Rae1 Kg8
17. h4 a4 18. h5 e6 19. Qd2 Rfd8 20. Rd1 Nc5 21. Qe3 Qe7
22. g3 Rac8 23. Rd2 g5 24. Rfd1 h6 25. fxg5 hxg5 26. Bg2 b6
27. Kh2 f6 28. Ne2 Kg7 29. e5 fxe5 30. Rxd6 e4 31. Qc3+ Kh7
32. Qe5 Rxd6 33. Rxd6 Qg7 34. Qxg7+ Kxg7 35. Nd4 Bd7 36. Rxb6
Rh8 37. g4 e5 38. Rg6+ Kf7 39. Nc6 Bxc6 40. Rxc6 Nd3 41. Bxe4
Rd8 42. Bd5+ Kg7 43. Rg6+ Kh8 44. Rxg5 Rb8 45. b3 axb3
46. axb3 Rxb3 47. Rg8+ Kh7 48. g5 Rb2+ 49. Kg3 Nf4 50. g6+ Kh6
51. Rh8+ Kg7 52. Rh7+ Kf6 53. Kg4 Nxd5 54. Rf7+ Ke6 55. cxd5+
Kxd5 56. g7 Ke6 57. Rf2 Rxf2 58. g8=Q+ Ke7 59. Qa8 Rf6 60. Kg5
Re6 61. h6 1-0

[Event "Clichy 14th"]
[Site "Clichy"]
[Date "2002.03.09"]
[EventDate "2002.??.??"]
[Round "3"]
[Result "1/2-1/2"]
[White "Maxime Vachier-Lagrave"]
[Black "Milan Mrdja"]
[WhiteElo "2637"]
[BlackElo "2450"]
[PlyCount "120"]

1. e4 e5 2. Nf3 d6 3. Nc3 Nf6 4. Be2 Be7 5. O-O O-O 6. d4 Nbd7
7. Re1 c6 8. a4 b6 9. h3 a6 10. Bg5 Bb7 11. Qd2 b5 12. axb5
cxb5 13. dxe5 dxe5 14. Rad1 Qc7 15. Nd5 Nxd5 16. Bxe7 Nxe7
17. Qxd7 Rac8 18. Qxc7 Rxc7 19. Nxe5 Bxe4 20. Nd7 Re8 21. c3
Bc2 22. Rd2 Ng6 23. Kf1 Nf4 24. Rxc2 Rxd7 25. Bg4 Rxe1+
26. Kxe1 Rd6 27. g3 Nd3+ 28. Ke2 Ne5 29. Rd2 Rxd2+ 30. Kxd2
Kf8 31. Be2 Ke7 32. f4 Nd7 33. c4 b4 34. Bf3 Kd6 35. Bd5 f6
36. Be4 h6 37. Ke3 Kc5 38. b3 Nb6 39. Bc2 Nc8 40. g4 Nd6
41. Kd3 a5 42. Bd1 g5 43. fxg5 fxg5 44. Bc2 a4 45. bxa4 Nxc4
46. Bb3 Na5 47. Bg8 Nb7 48. Bb3 Na5 49. Bg8 Nc6 50. Ba2 Nd4
51. Bg8 Nf3 52. Ke4 Nd2+ 53. Kd3 Nb1 54. Ke4 b3 55. Kd3 Kb4
56. a5 b2 57. Kc2 Nd2 58. Kxb2 Kxa5 59. Bd5 Kb4 60. Kc2 Kc5
1/2-1/2

[Event "Clichy 14th"]
[Site "Clichy"]
[Date "2002.03.09"]
[EventDate "2002.??.??"]
[Round "5"]
[Result "1/2-1/2"]
[White "Maurizio Caposciutti"]
[Black "Maxime Vachier-Lagrave"]
[WhiteElo "2355"]
[BlackElo "2637"]
[PlyCount "46"]

1. e4 c5 2. Nf3 Nc6 3. d4 cxd4 4. Nxd4 Nf6 5. Nc3 e5 6. Nf5 d5
7. exd5 Bxf5 8. dxc6 Qxd1+ 9. Nxd1 bxc6 10. Ne3 Bg6 11. Bd3
Bxd3 12. cxd3 O-O-O 13. Ke2 Bb4 14. a3 Ba5 15. Nc4 Bc7 16. Be3
Kb7 17. Rac1 Nd5 18. Rc2 Rhe8 19. g3 f5 20. Rhc1 Re6 21. Bg5
Rd7 22. Bd2 g6 23. b4 Bb6 1/2-1/2

[Event "Clichy 14th"]
[Site "Clichy"]
[Date "2002.03.09"]
[EventDate "2002.??.??"]
[Round "6"]
[Result "1-0"]
[White "Maxime Vachier-Lagrave"]
[Black "Alain Spielmann"]
[WhiteElo "2637"]
[BlackElo "2341"]
[PlyCount "69"]

1. e4 c6 2. d4 d5 3. exd5 cxd5 4. c4 Nf6 5. Nf3 e6 6. Nc3 Bb4
7. cxd5 Nxd5 8. Bd2 Nc6 9. Bd3 Be7 10. O-O O-O 11. Re1 Bf6
12. Nxd5 Qxd5 13. Be4 Qb5 14. Bc3 Ne7 15. Ne5 Nd5 16. a4 Qb6
17. Qd3 g6 18. Qf3 Qd8 19. Bd2 Bg7 20. Rac1 f6 21. Nd3 f5
22. Bxd5 Qxd5 23. Qxd5 exd5 24. Rc7 b6 25. Nb4 f4 26. Nxd5 g5
27. Bb4 Rd8 28. Ne7+ Kh8 29. Nc6 Rg8 30. d5 f3 31. Ne5 h6
32. Ng6+ Kh7 33. Nf8+ Kh8 34. Bc3 Bxc3 35. Rh7# 1-0

[Event "Clichy 14th"]
[Site "Clichy"]
[Date "2002.03.09"]
[EventDate "2002.??.??"]
[Round "7"]
[Result "0-1"]
[White "Cristina-Adela Foisor"]
[Black "Maxime Vachier-Lagrave"]
[WhiteElo "2444"]
[BlackElo "2637"]
[PlyCount "90"]

1. Nf3 Nf6 2. g3 g6 3. Bg2 Bg7 4. O-O c5 5. d3 O-O 6. c3 d5
7. a3 Re8 8. b4 cxb4 9. axb4 e5 10. Qb3 Qc7 11. Na3 Nc6
12. Nc2 b5 13. d4 e4 14. Bf4 Qb6 15. Ne5 Ne7 16. f3 Be6 17. g4
h6 18. h4 Rec8 19. Qb2 a6 20. Ra3 h5 21. Ne3 hxg4 22. N5xg4
exf3 23. Bxf3 Nxg4 24. Nxg4 Nf5 25. Be5 Nxh4 26. Nf6+ Bxf6
27. Bxf6 Nxf3+ 28. Rxf3 Bg4 29. Rf2 Bf5 30. Be5 f6 31. Bh2 Qe6
32. Qd2 Kg7 33. Qf4 Rc6 34. Kf1 Rh8 35. Ke1 Be4 36. Kd2 g5
37. Qg3 Kg6 38. Qg1 Rh3 39. Qf1 Bf5 40. Rxf5 Qxf5 41. Qg2 a5
42. Bg3 axb4 43. cxb4 Rc2+ 44. Kd1 Rb2 45. Rc3 Rxg3 0-1